Science Quiz

Random Science or Anatomy Quiz
Score 0/32 Timer 06:00
2 Plays Today
% Correct
Whooping
92.1%
Cystic
90.5%
Multiple
88.6%
Cerebral
88.2%
Rheumatoid
87.7%
Varicose
86.7%
Hodgkin's
84.2%
Anorexia
80.9%
Shin
78%
Macular
72.2%
Ulcerative
69.6%
Plantar
68.1%
Atrial
67.4%
Diabetes
57.2%
Acne
55.9%
Herpes
47.4%
% Correct
Infectious
41.6%
Ankylosing
41.6%
Hiatus
41.1%
Pernicious
40.4%
Myeloid
39%
Myasthenia
39%
Ewing
34.3%
Huntington's
32.6%
Trigeminal
31.9%
Barrett's
31.3%
Japanese
31%
Tinea
28.5%
Polymyalgia
26.4%
Dupuytren's
24.5%
Molluscum
23.9%
Lichen
20.4%
Remove Ads.
Support Sporcle.
Get the best of Sporcle when you Go Orange. This ad-free experience offers more features, more stats, and more fun while also helping to support Sporcle. Thank you for becoming a member.

You're not logged in!

Compare scores with friends on all Sporcle quizzes.
OR
Log In

Sporcle TV

Today on Sporcle TV


Watch our educational content, quiz creation guides, and fun videos on Sporcle TV.

Show Comments

Extras

Top Quizzes Today


Score Distribution

Paid Content

Your Account Isn't Verified!

In order to create a playlist on Sporcle, you need to verify the email address you used during registration. Go to your Sporcle Settings to finish the process.

Report this User

Report this user for behavior that violates our Community Guidelines.

Details: